000 00609nam a2200229Ia 4500
003 OSt
005 20220926033904.0
006 a|||||r|||| 00| 0
007 ta
008 220923b |||||||| |||| 00| 0 eng d
037 _cGeneral Book
040 _aRTL
_cRTL
_beng
041 _2eng
_aeng
082 _aY:48.2.N7, L0
100 _aVan Ree F
_988234
245 0 _aColliding generations
260 _aVaranasi
_bNavachetna Prakashan
_c1970
300 _aii, 301p
_ccm.
650 _aSocial Conflict
942 _hY:48.2.N7, L0
_cGB
_2CC
999 _c658193
_d658193